00530 2200205 4500001002100000005001500021035002000036007000300056008004100059082001100100084001700111100002100128245005600149250001000205260003400215300002800249504003100277990000800308990000800316INLIS00000000000085720200204102456 a0010-1017000411ta200204 g 0 ind  a297.64 a297.64 SYA m0 aSYAHMINAN, Zaini1 aMetode Berkarya Menurut Al-Quran /cSyahminan Zaini acet.1 aJakarta :bKalam Mulia,c1987 avii, 143 hlm. ;c21 cm. aBibliografi : hlm. 143-144 a529 a094